Rate rebates in England and Wales 1968-69. (Record no. 86892)

MARC details
000 -LEADER
fixed length control field 00508cam a2200193 4500
008 - FIXED-LENGTH DATA ELEMENTS--GENERAL INFORMATION
fixed length control field 090401t1969 xxu||||| |||| 00| 0 eng d
020 ## - INTERNATIONAL STANDARD BOOK NUMBER
International Standard Book Number 0117502111
035 ## - SYSTEM CONTROL NUMBER
System control number (Sirsi) u11683
041 ## - LANGUAGE CODE
Language code of text/sound track or separate title eng
050 ## - LIBRARY OF CONGRESS CALL NUMBER
Classification number 336.21
110 ## - MAIN ENTRY--CORPORATE NAME
Corporate name or jurisdiction name as entry element Ministry of Housing and Local Government
9 (RLIN) 1285
245 ## - TITLE STATEMENT
Title Rate rebates in England and Wales 1968-69.
260 ## - PUBLICATION, DISTRIBUTION, ETC.
Place of publication, distribution, etc. London
Name of publisher, distributor, etc. HMSO
Date of publication, distribution, etc. 1969
300 ## - PHYSICAL DESCRIPTION
Extent 68p. ; 25cm
350 ## - PRICE (NR) (BK AM CF MU VM SE) [OBSOLETE]
Price 0
710 ## - ADDED ENTRY--CORPORATE NAME
Corporate name or jurisdiction name as entry element United Kingdom
Subordinate unit Welsh Office
9 (RLIN) 1214
942 ## - ADDED ENTRY ELEMENTS (KOHA)
Suppress in OPAC 0
948 ## - LOCAL PROCESSING INFORMATION (OCLC); SERIES PART DESIGNATOR (RLIN)
c (OCLC) 04/03/1997
Holdings
Withdrawn status Lost status Source of classification or shelving scheme Damaged status Not for loan Home library Current library Shelving location Date acquired Total Checkouts Full call number Barcode Date last seen Copy number Price effective from Koha item type
    Dewey Decimal Classification     London London Basement 12/08/1994   SHELF 322 30042347 06/08/2019 1 06/08/2019 Book